000 01032nam a2200289 a 4500
001 000115806
003 CHAP
005 20220329144549.0
008 190709s2011 mx a |r| ||||||spa d
010 _a112267
011 _a113239
040 _cCHAP
082 0 4 _a355.30972
_bV14
100 1 _aValdez Martínez, Marciano.
_9136424
245 1 0 _aMilitares y marinos destacados :
_bhéroes y prócederes del Ejército, Fuerza Aérea y Armada de México /
_cpor Marciano Valdez Martínez y Raymundo Bautista Contreras.
260 _aMéxico, D. F. :
_bSecretaría de la Defensa Nacional
_bSecretaría de Marina Armada de México,
_c2011.
300 _av, 327 p. :
_bil.
590 _aBATCH-UPD
_b05
_c20190709
_lUCH01
_h0959
590 _aE5765TAJ
_b05
_c20190709
_lUCH01
_h0958
650 1 4 _aBiografía militar
_zMéxico.
_9136427
650 1 4 _aMarineros
_zMéxico.
_9136428
651 4 _aMéxico
_xEjercito
_xHistoria.
_9136426
700 1 _aBautista Contreras, Raymundo.
_9136425
901 _aBK
942 _cLIBRO
942 _n0
999 _c112267
_d112267